000 00690nam a22002057a 4500
999 _c15202
_d15202
003 AR-CdUCM
008 190426b ||||| |||| 00| 0 spa d
020 _a978-607-16-0004-2
040 _aMUNICIPALIDAD PROVINCIAL DEL CUSCO
_cBIBLIOTECA MUNICIPAL DEL CUSCO
082 _aPI / 808.06 /
_bV16
100 _aVentura, Antonio
_933840
245 _aEl cuento del pinguino /
260 _aMéxico, D.F :
_bFondo de cultura económica,
_c2008.
300 _a22 páginas ;
_bIlustraciones,
_c27 cm.
440 _aLos especiales de A la orilla del viento ;
_933315
650 _aLiteratura infantil
_9588
700 _aSegovia, Carmen
_934233
942 _2ddc
_cLIBROS
945 _aacv
_d2019-04-26